LEADER 01123nam a2200265 u 4500 001 000000113756 003 CaOOAMICUS 005 20081104103629.0 008 081104s2007 fr u000 u fre r 020 $z978-2-247-07424-2* 040 $aPUL$bita$dLDB 245 04$aLes grands arrêts de la jurisprudence administrative /$cMarceau Long ... [et al.]. 250 $a16e éd. 260 $aParis :$bDalloz,$c2007. 300 $axv, 998 p. ;$c21 cm 504 $aBibliografia in nota. 610 14$aFrancia.$kLeggi, statuti, ecc.$0(OLS)http://pul/subject/25543 650 14$aDiritto amministrativo$zFrancia.$0(OLS)http://pul/subject/17967 700 1 $aLong, Marceau.$0(OLS)http://pul/name/70169 850 $aPUL 852 $aPUL$W1$xSL Diritto e Scienze Sociali 3$y79$m342. 44 LONGM 1$j129960$qDDC 21$B129031$CPULBib$Z2$F129031 $H105908 $82 941 1 $a9 996 $6020$z978-2-247-07424-2*$9(OLS)http://pul/number/139082 996 $6245$aLes grands arrêts de la jurisprudence administrative$9(OLS)http://pul/title/142942 996 $6260$aParis :$bDalloz$9(OLS)http://pul/publisher/53506 LEADER 01164nam a2200241 a 4500 001 000000169454 003 CaOOAMICUS 005 20180925130410.0 008 180925s1963 it 000 u ita r 032 $aLibriCat 040 $aPUL$bita 100 1 $aBarberi Squarotti, Giorgio,$d1929-2017.$0(OLS)http://pul/name/429 245 13$aLa poesia italiana contemporanea :$bdal Carducci ai giorni nostri, con appendice di poeti stranieri /$cGiorgio Barberi Squarotti e Stefano Jacomuzzi ; con appendice di poeti stranieri . 260 $aMessina ;$aFirenze :$bG. D'Anna,$c©1963. 300 $aVIII, 493 p. ; $c22 cm. 650 4$aPoesia.$0(OLS)http://pul/subject/15555 700 1 $aJacomuzzi, Stefano.$0(OLS)http://pul/name/59614 850 $aPUL 852 $aPUL$W1$xDP1 Fondo Dalla Palma$y117$m9 F 21$j8805$bRistampa.$qFondi$B197454$CPULBib$Z2$F197454 $HDal359 $81 941 1 $a1 996 $6245$aLa poesia italiana contemporanea :$bdal Carducci ai giorni nostri, con appendice di poeti stranieri$9(OLS)http://pul/title/210053 996 $6260$aMessina ;$aFirenze :$bG. D'Anna$9(OLS)http://pul/publisher/52768